|
|
|
|
| LEADER |
00000cam a2200000 i 4500 |
| 001 |
1/51616 |
| 008 |
140715s1978####gr 000 | gre|| |
| 035 |
|
|
|l 10118362
|
| 040 |
|
|
|a GR-MY-UA
|b gre
|e aacr
|
| 041 |
0 |
|
|a gre
|
| 082 |
0 |
|
|a 889.3
|2 (23)
|
| 100 |
1 |
|
|a Φραγκιάς, Αντρέας,
|d 1921-2002.
|
| 245 |
1 |
0 |
|a Λοιμός :
|b μυθιστόρημα /
|c Αντρέας Φραγκιάς.
|
| 250 |
|
|
|a 7η εκδ.
|
| 260 |
|
|
|a Αθήνα :
|b Κέδρος,
|c 1978, 1984.
|
| 300 |
|
|
|a 252 σ. ;
|c 21 εκ.
|
| 650 |
0 |
0 |
|a Greek fiction, Modern
|y 20th century.
|
| 852 |
|
|
|a INST
|b LEMNOS
|e 20140715
|h 889.3 ΦΡΑ
|p 005600001703
|q 005600001703
|t BK
|y 0
|
| 852 |
|
|
|a INST
|b LESVOS
|e 20160914
|h 889.3 ΦΡΑ
|p 005100058122
|q 005100058122
|t BK
|y 0
|
| 852 |
|
|
|a INST
|b SAMOS
|e 20190117
|h 889.3 ΦΡΑ
|p 005300045746
|q 005300045746
|t BK
|y 0
|
| 901 |
|
|
|a BIBL6-2014-2
|
| 909 |
|
|
|a Μ
|b 161446
|
| 970 |
|
|
|a ΜΟΣΧΟΒΗ
|b ΕΥΑΓΓΕΛΙΑ
|z 2014/07/15
|